000 00394nam a2200193Ia 4500
008 151119s9999||||xx |||||||||||||| ||und||
082 _a823.91
082 _bGKKV16806
100 _aCLAY BLAIR
245 _aMAGAZINE
260 _a--
260 _b--
260 _c0
600 _aCLAY BLAIR
630 _aMAGAZINE
700 _aCLAY BLAIR
730 _aMAGAZINE
942 _cBOOK
999 _c1070049
_d1070046